00880nam a22002417a 450000500170000001000130001702000220003003500130005203700160006504000120008108200130009310000240010624500690013026000500019927000480024930000200029750000510031765000400036865000290040894200220043799900190045995201600047820170124110145.0 aA-517029 c00.00a8171003761 aA-517029 bCen Lib/Ret aDPLbEN a658bKED aKedia, A.K. 933331 aWorkers ownership and participative management /cby A.K. Kedia  aNew Delhi c1992bDeep and deep publications  bNew Delhi aF-159, Rajouri garden e110027 a236p.c20cm(Hb) aIncludes bibliographical references and index  aParticipative management x 933332 aManagement theory933333 2ddccENh658mKED c131961d131961 04104070aLbLd2015-07-16eCen Lib/Retg0.00l0o658 KEDpA-517029r2015-07-16 00:00:00t1v0.00w2015-07-16yENzW/d List No. 6867/13 ; dtd 11/08/2020